| 000 | 00675pam a2200169 a 4500 | ||
|---|---|---|---|
| 020 | _a0471578061 (alk. paper) | ||
| 020 | _a047157807X (pbk. : alk. paper) | ||
| 050 | 0 | 0 |
_aQA 76.64 _b.F57 1993 |
| 100 | 1 |
_aFiresmith, Donald G., _d1952- |
|
| 245 | 1 | 0 |
_aObject-oriented requirements analysis and logical design : _ba software engineering approach / _cDonald G. Firesmith. |
| 260 |
_aNew York : _bWiley, _cc1993. |
||
| 300 | _axv, 575 p. : | ||
| 856 | 4 | _uhttp://www.loc.gov/catdir/toc/onix03/92015453.html | |
| 856 | 4 | 2 | _uhttp://www.loc.gov/catdir/enhancements/fy0706/92015453-d.html |
| 856 | 4 | 2 | _uhttp://www.loc.gov/catdir/enhancements/fy0706/92015453-b.html |
| 942 |
_2lcc _cGEN |
||
| 999 |
_c10987 _d10987 |
||